Statistics for Language by flag

Click here to take the quiz!

General Stats

  • This quiz has been taken 3,765 times
  • The average score is 10 of 12

Answer Stats

Answer% Correct
Arabic
96%
Spanish
96%
German
93%
Hebrew
93%
Khmer
87%
Latin
86%
Tagalog
84%
English
77%
Somali
77%
Portuguese
76%
Swahili
71%
Dutch
68%

Score Distribution

Percentile by Number Answered

Percent of People with Each Score

Your Score History

You have not taken this quiz